000 00345cam a2200145ua 4500
041 _aeng
_h
082 _a823.308
_bGOR/TH
100 _aGorky, M .
245 _aThree /
_cM.Gorky.
_hTextual Documents
260 _aMoscow :
_bForeign Language Publishing House ,
_c1961.
300 _a471 ; .
504 _a
942 _cBK
999 _c982
_d982